Top 62 Vornamen im antiken Rom - Statistiken

Allgemein
  • Dieses Quiz wurde 31 mal gespielt
  • Das Durchschnittsergebnis liegt bei 9 aus 62
Antwortstatistiken
📍 Vorname % Korrekt
Ma.c.s ♂️ Marcus
63%
Ca.s.r ♂️ Caesar
59%
G.i.s ♂️ Gaius
56%
L.c..s ♂️ Lucius
52%
T.t.s ♂️ Titus
44%
Ne.o ♂️ Nero
41%
Q.i.t.s ♂️ Quintus
41%
T.b.r..s ♂️ Tiberius
41%
Ag..p.a ♂️ Agrippa
37%
Ge.m.n.c.s ♂️ Germanicus
37%
I.l.a ♀️ Iulia
37%
Se.v..s ♂️ Servius
33%
Ac.a ♀️ Acca
30%
L.r ♂️ Lar
30%
N.m.r..s ♂️ Numerius
30%
Pa.l..s ♂️ Paullus
30%
Ca.c.l.a ♀️ Caecilia
26%
Ga.a ♀️ Gaia
22%
N.v..s ♂️ Novius
22%
P.b.i.s ♂️ Publius
22%
C.a.d.a ♀️ Claudia
19%
Q.i..a ♀️ Quinta
19%
Ap.i.s ♂️ Appius
15%
D.c.m.s ♂️ Decimus
15%
Pa.l.a ♀️ Paulla
15%
A.l.s ♂️ Aulus
11%
Dr.s.s ♂️ Drusus
11%
Fa.s..s ♂️ Faustus
7%
Sa.v..s ♂️ Salvius
7%
A.c.s ♂️ Ancus
4%
L.r..t.a ♀️ Larentia
4%
M.n..s ♂️ Manius
4%
Nu.a ♂️ Numa
4%
Op.t.r ♂️ Opiter
4%
Po.a ♀️ Pola
4%
Po.t.m.s ♂️ Postumus
4%
P.i.a ♀️ Prima
4%
Pr.c.l.s ♂️ Proculus
4%
S.c.n.a ♀️ Secunda
4%
Se.t.r ♂️ Sertor
4%
Se.t.s ♂️ Sextus
4%
T.r..t.a ♀️ Tarratia
4%
T.l..a ♀️ Tullia
4%
V.b..s ♂️ Vibius
4%
A.u.s ♂️ Aruns
0%
C.s..s ♂️ Cossus
0%
De.t.r ♂️ Denter
0%
G.a..s ♂️ Gnaeus
0%
Ho.t.l.a ♀️ Hostilia
0%
Ho.t.s ♂️ Hostus
0%
K.e.o ♂️ Kaeso
0%
M.m..c.s ♂️ Mamercus
0%
O.c..s ♂️ Occius
0%
P.q.i.s ♂️ Paquius
0%
Qu.r.a ♀️ Quarta
0%
Sp.r..s ♂️ Spurius
0%
St.t..s ♂️ Statius
0%
Tr.b..s ♂️ Trebius
0%
T.l.u.p ♂️ Tullusp
0%
V.l..o ♂️ Volero
0%
V.l.s.s ♂️ Volusus
0%
V.p..c.s ♂️ Vopiscus
0%
Keine übereinstimmenden Quizze gefunden
Verteilung der Resultate
Anzahl Personen mit jedem Resultat
Perzentil nach korrekt beantworteten Fragen
Ihre Resultats-Entwicklung
Sie haben dieses Quiz noch nicht gespielt